Geography A-Z by Images - Statistics

General Stats
  • This quiz has been taken 65 times
    35 since last reset
  • The average score is 16 of 26
Answer Stats
Picture Hint Answer % Correct
Country Cambodia
90%
Sea Dead Sea
90%
Peak Kilimanjaro
87%
Country Qatar
87%
Peak Everest
84%
Country Jordan
84%
Desert Gobi
81%
Capital Havana
81%
Gulf Persian
81%
City Istanbul
74%
National Park Yellowstone
74%
Island Santorini
71%
City Venice
71%
City Xi'an
68%
Island Zanzibar
68%
Capital Ulaanbaatar
65%
River Mekong
61%
Lake Baikal
58%
Desert Namib
58%
Archipelago Faroe Islands
55%
Beach Waikiki
52%
Lake Tahoe
35%
City Avignon
29%
Mountain Olympus
26%
National Park Los Glaciares
0%
Beach Radhanagar
0%
No matching quizzes found
Score Distribution
Percent of People with Each Score
Percentile by Number Answered
Your Score History
You have not taken this quiz since the last reset